[Event "EICC 2019"]
[Site "Skopia"]
[Date "2019.03.25"]
[Round "7.47"]
[White "Mirzoev, Emil"]
[Black "Saric, Ivan"]
[Result "1/2-1/2"]
[WhiteElo "2511"]
[BlackElo "2703"]
[Annotator "TA"]
[PlyCount "116"]
[EventDate "2019.03.18"]
[EventType "swiss"]
[EventCountry "MKD"]
[SourceTitle "playchess.com"]
[Source "ChessBase"]
[SourceQuality "1"]

{[%evp 13,116,0,0,-16,0,-15,0,0,0,-14,6,15,0,-22,0,0,0,0,0,0,0,-8,-7,-9,-4,-23,-12,-11,-2,-2,-2,-2,-6,-21,0,0,0,0,0,0,0,0,0,0,0,0,0,0,0,0,0,0,0,0,0,0,0,-11,-11,-11,-11,-11,-8,-8,-8,-8,-8,-8,-8,-8,-8,-8,-8,-22,-8,-10,-8,-41,-8,-8,-8,-8,-8,-8,-8,-8,-8,-8,-8,-8,-8,-8,-8,-8,-8,-8,-8,-8,-8,-8,-8,-8,-8,-8,0]} 1. d4 Nf6 2. c4 e6 3. Nc3 Bb4 4. e3 O-O 5. Bd3 d5 6. cxd5 exd5 7. Nge2 Re8 8. Bd2 {E48: Nimzo-Indian: Rubinstein: 5 Bd3 d5 including 6 Ne2, but excluding 6 a3} (8. O-O Bd6 9. Bd2 Nbd7 10. Rc1 a6 11. Ng3 Nf8 12. Nce2 Ne4 13. Be1 c6 14. a4 Nxg3 15. Nxg3 a5 16. Qb3 g6 {½-½ (50) Yu,Y (2765)-Leko,P (2690) Porto Carras 2018}) 8... c5 9. O-O Nc6 10. a3 Bxc3 11. Nxc3 $146 ({Predecessor:} 11. bxc3 c4 12. Bc2 h5 13. f3 Bd7 14. Qe1 Qc8 15. e4 dxe4 16. fxe4 Nxe4 {1-0 (30) Docx,S (2468)-Rindlisbacher,J (2249) Caleta 2014}) 11... Bg4 12. f3 Bh5 13. Ne2 cxd4 14. exd4 Qb6 15. Bc3 Bg6 16. Bxg6 hxg6 17. a4 Re3 18. a5 Qb5 19. Ng3 a6 20. Re1 Rae8 {next ...Rxe1+ is good for Black.} 21. Rxe3 Rxe3 22. Kf2 $132 {[%mdl 2048] White is fighting back} Re6 23. Qf1 {[#]} Ng4+ $1 {[%mdl 512]} 24. fxg4 {Qxb5 is the strong threat.} Rf6+ 25. Nf5 $1 gxf5 26. g5 $1 Qxf1+ 27. Rxf1 $11 {[%mdl 4096] Endgame KRB-KRN} Re6 28. g4 fxg4 29. Kg3 Re2 (29... g6 {is more complex.} 30. Kxg4 Kf8 31. Rf3 Ke8 32. Rf1 Re4+) 30. Rf2 $1 {[%cal Rf2e2]} Rxf2 (30... Re3+ {looks sharper.} 31. Kxg4 Kf8 32. Rf5 Re4+ 33. Rf4 Re2) 31. Kxf2 {KB-KN} g6 32. Kg3 Kf8 33. Kxg4 Ke7 34. h4 Ke6 35. h5 gxh5+ 36. Kxh5 Kf5 {Strongly threatening ...Nd8.} 37. Kh6 $1 Nd8 38. Kg7 Kxg5 39. Kf8 $1 f5 40. Ke7 Nc6+ 41. Kd6 f4 42. Kxd5 f3 {aiming for ...f2.} 43. Be1 Kf5 44. Kc5 {[#]} Nxa5 $1 {[%mdl 512] Threatens to win with ...b6+!} 45. d5 (45. Bxa5 f2) 45... b5 {[%cal Bb7b5,Bb5b4][%mdl 32] Black wants to play ...Nc4.} 46. Kb6 {The position is equal.} Nc4+ 47. Kxa6 b4 48. Kb5 Nxb2 49. d6 Ke6 50. Bg3 b3 51. Kb4 {[#]} Nc4 $1 {[%mdl 512] Hoping for ...b2.} 52. Kxb3 (52. Kxc4 b2) 52... Nxd6 {White must now prevent ...Ne4.} 53. Kc2 Ne4 54. Kd3 Kf5 55. Ke3 Kg4 (55... Nxg3 $2 56. Kxf3 $19) 56. Bb8 Nc5 57. Kf2 Nd3+ 58. Kf1 Nf4 {Accuracy: White = 82%, Black = 56%.} 1/2-1/2

[Event "EICC 2019"]
[Site "Skopia"]
[Date "2019.03.25"]
[Round "7.48"]
[White "Demuth, Adrien"]
[Black "Vallejo Pons, Francisco"]
[Result "1/2-1/2"]
[WhiteElo "2510"]
[BlackElo "2698"]
[Annotator "TA"]
[PlyCount "63"]
[EventDate "2019.03.18"]
[EventType "swiss"]
[EventCountry "MKD"]
[SourceTitle "playchess.com"]
[Source "ChessBase"]
[SourceQuality "1"]

{[%evp 16,63,0,6,8,0,10,0,6,0,33,34,32,0,1,0,0,0,17,-2,-3,-10,-14,-19,-13,-41,0,0,0,5,23,12,39,12,16,0,0,0,56,52,48,50,86,86,70,78,83,43,43,44]} 1. Nf3 d5 2. g3 Bg4 3. Bg2 Nd7 4. c4 e6 5. cxd5 exd5 6. O-O Ngf6 7. d3 Bc5 8. Nc3 c6 9. Qb3 Nb6 {A11: English Opening: 1...c6} (9... Bb6 10. Na4 O-O 11. Nxb6 Qxb6 12. Qc2 Rfe8 13. h3 Bh5 14. g4 Bg6 15. Nh4 Nf8 16. Kh1 Ne6 17. e3 h5 {1-0 (65) Oparin,G (2616)-Shirov,A (2673) Moscow 2016}) 10. e4 O-O 11. Qc2 Rc8 $146 {The position is equal.} ({Predecessor:} 11... dxe4 12. dxe4 Re8 13. h3 Bh5 14. Bf4 Nfd7 15. g4 Bg6 16. Bg3 h5 17. Nh4 hxg4 18. Nxg6 {½-½ (49) Dizdar,G (2525)-Bukal,V (2425) Medulin 2002}) 12. h3 Bh5 13. g4 Bg6 14. Ne5 Re8 15. Nxg6 hxg6 16. Bg5 Qd7 17. Rad1 Nh7 18. Bc1 dxe4 19. dxe4 Qe7 20. Bf4 Bb4 21. a3 Bxc3 22. Qxc3 Rcd8 23. Qa5 (23. Rxd8 {is more complex.} Rxd8 24. Be3 Ng5 25. Qb4 Qxb4 26. axb4 Ne6 27. Ra1) 23... Nc8 24. Qc7 g5 25. Qxe7 Nxe7 26. Be3 b6 (26... a6 $11) 27. Rxd8 $14 Rxd8 28. Rc1 Rd6 29. e5 Re6 30. Rd1 {[#] And now Rd8+ would win.} Rxe5 31. Rd7 Nf6 32. Rxa7 {Accuracy: White = 36%, Black = 45%.} 1/2-1/2

[Event "EICC 2019"]
[Site "Skopia"]
[Date "2019.03.25"]
[Round "7.49"]
[White "Ragger, Markus"]
[Black "Sanal, Vahap"]
[Result "1-0"]
[WhiteElo "2696"]
[BlackElo "2511"]
[Annotator "TA"]
[PlyCount "71"]
[EventDate "2019.03.18"]
[EventType "swiss"]
[EventCountry "MKD"]
[SourceTitle "playchess.com"]
[Source "ChessBase"]
[SourceQuality "1"]

{[%evp 13,71,24,35,7,35,17,27,19,18,19,19,16,12,15,21,14,30,22,53,71,72,66,113,79,127,122,122,116,144,139,133,114,143,133,179,163,221,240,247,241,292,299,354,346,340,327,764,764,766,755,752,743,793,777,949,924,906,898,29986,29987]} 1. e4 c5 2. Nf3 d6 3. d4 cxd4 4. Nxd4 Nf6 5. Nc3 Nc6 6. Bg5 e6 7. Bb5 Bd7 8. Qd3 {B62: Sicilian: Richter-Rauzer: 6...e6: Unusual White 7th moves} h6 $146 ({Predecessor:} 8... Be7 9. O-O-O O-O 10. Bxc6 bxc6 11. Nb3 d5 12. e5 Ng4 13. Bxe7 Qxe7 14. Qd4 Nh6 15. f4 f6 {1-0 (36) Matlakov,M (2700)-Maghsoodloo,P (2688) St Petersburg 2018}) 9. Bh4 Qb6 10. O-O-O {White has an edge.} (10. Bxf6 {seems wilder.} gxf6 11. Nb3 Rg8 12. O-O a6 13. Bxc6 Bxc6 14. g3) 10... Nxd4 11. Bxd7+ Nxd7 12. Qxd4 Qxd4 13. Rxd4 a6 $1 14. Rhd1 Ne5 15. Bg3 g5 16. Bxe5 dxe5 17. Rc4 b6 18. Rc6 $36 {[%mdl 2048] White has strong initiative.} Bc5 19. Na4 Bxf2 20. Nxb6 Be3+ 21. Kb1 Bxb6 22. Rxb6 $16 {[%mdl 4096] Endgame KRR-KRR} O-O 23. c4 Kg7 24. Kc2 g4 (24... a5 $142 25. Rb5 f6) 25. c5 $18 a5 26. Kc3 Rae8 27. Rd7 Kg6 28. c6 f5 29. exf5+ exf5 $2 {[#]} (29... Rxf5 30. c7 Rc8) 30. c7+ Kg5 31. Rbd6 Rc8 32. Kd2 f4 33. Rd8 f3 34. gxf3 gxf3 35. Rxf8 Rxf8 36. Rd8 {Accuracy: White = 81%, Black = 26%.} 1-0

[Event "EICC 2019"]
[Site "Skopia"]
[Date "2019.03.25"]
[Round "7.50"]
[White "Eljanov, Pavel"]
[Black "Arizmendi Martinez, Julen Luis"]
[Result "1-0"]
[WhiteElo "2682"]
[BlackElo "2506"]
[Annotator "TA"]
[PlyCount "163"]
[EventDate "2019.03.18"]
[EventType "swiss"]
[EventCountry "MKD"]
[SourceTitle "playchess.com"]
[Source "ChessBase"]
[SourceQuality "1"]

{[%evp 14,163,15,25,14,0,0,0,7,3,21,12,0,0,0,0,0,0,-1,-19,0,0,0,-31,0,-7,8,0,6,9,24,0,35,30,34,29,37,41,111,112,121,117,131,127,109,111,126,120,160,154,163,150,174,140,198,195,237,145,225,137,279,273,230,163,139,151,127,137,233,215,214,137,163,159,151,125,121,98,133,110,122,118,128,68,68,68,69,66,67,63,66,66,85,14,14,0,66,8,16,8,8,8,70,40,37,18,20,42,45,18,52,51,398,398,352,326,673,673,5102,4491,5081,4567,1910,1549,1036,187,187,187,187,187,6170,187,187,187,187,187,187,187,187,187,187,173,173,173,173,173,173,173,173,173,29980,29981]} 1. Nf3 Nf6 2. g3 d5 3. Bg2 c5 4. O-O e6 5. c4 d4 6. e3 Nc6 7. exd4 cxd4 8. d3 Bd6 {A13: English Opening: 1...e6} 9. Na3 (9. Bg5 h6 10. Bxf6 Qxf6 11. Nbd2 Qd8 12. a3 a5 13. Rc1 O-O 14. Re1 Re8 {1-0 (58) Sjugirov,S (2663)-Korobov,A (2698) St Petersburg 2018}) 9... O-O 10. Nc2 e5 {The position is equal.} 11. b4 a6 12. a4 Re8 13. Ba3 $146 ({Predecessor:} 13. Re1 Bf5 14. Rb1 h6 {0-1 (42) Josefsson,K (2178)-Felkel,S (2399) ICCF email 2013}) 13... Bg4 14. h3 Bh5 15. Re1 a5 {[%cal Ra5b4]} 16. bxa5 Nxa5 17. Bxd6 Qxd6 18. Na3 Qc5 19. Qb1 {[#]} e4 $1 {[%mdl 512]} 20. dxe4 Bxf3 21. Bxf3 Nd7 22. Qb5 Qxb5 (22... Qd6 {is interesting.} 23. Bg2 Nc5 24. Qb4 Nc6 25. Nb5 Qe7) 23. Nxb5 Ne5 24. Bg2 {Nc7 is the strong threat.} ({Don't blunder} 24. Nxd4 $2 Red8 $19) 24... Red8 $1 25. Red1 d3 ({Black should try} 25... Nec6 $14) 26. Nc7 $1 $16 {[%cal Rc7a8]} Rac8 27. Nd5 $36 {[%mdl 2048] White is on the roll.} Rxc4 28. f4 Nec6 29. Rxd3 Kf8 30. e5 g5 31. fxg5 Nxe5 32. Re3 Nac6 33. h4 Rd4 (33... Kg7 $16 34. Nf6 Rb4) 34. Nf6 $18 Kg7 35. Nh5+ Kf8 (35... Kg6 $16 {was called for.}) 36. Rf1 Rd1 (36... Rxa4 $16 37. Rb3 Ra7) 37. Bxc6 Nxc6 38. Nf6 Kg7 39. Rxd1 Rxd1+ $16 {[%mdl 4096] Endgame KRN-KRN} 40. Kg2 Rd2+ (40... h6 $16 {keeps fighting.}) 41. Kh3 $18 h6 42. Ne8+ Kg6 43. gxh6 Rd8 44. g4 Kxh6 45. Nf6 Kg6 46. Nh5 Rd4 47. Re8 Kh7 48. Nf6+ (48. Re4 $1 $16) 48... Kg7 $1 $14 {[%cal Rg7f6]} 49. g5 {[%csl Gf6][%cal Re8g8]} Kg6 50. Re4 Rd1 51. Kg3 Rg1+ 52. Kf2 Rb1 53. Re8 (53. Kf3 $16) 53... Kf5 $11 54. Rg8 Nd4 (54... Ne7 $11 55. Ra8 Nc6) 55. Ke3 (55. Rg7 $14) 55... Ne6 56. Ne8 Rb3+ 57. Kd2 Nf4 (57... Ke5 $11) 58. Rg7 {Hoping for Kc2.} Ke6 59. Rh7 Rd3+ 60. Kc2 Ra3 61. Nc7+ Ke7 62. h5 Nxh5 $2 {[%mdl 8192]} ({Better is} 62... Kf8 $14) 63. Nd5+ $1 $18 ({Less strong is} 63. Rxh5 Rxa4 64. Nd5+ Kd6 $18) 63... Ke6 {[#]} 64. Nc3 $1 ({Stronger than} 64. Rxh5 Kxd5 65. g6+ Ke6 $11) 64... Ng3 $2 (64... b5 65. Rh6+ Ke5 66. Rxh5 b4 67. g6+ f5) 65. Kb2 Rxc3 {KRN-KR} 66. Rh6+ Kd7 67. Kxc3 {KR-KN} Ne4+ 68. Kb4 Nxg5 69. Rf6 $2 (69. Kb5 Ne4 70. Kb6) 69... Kc8 70. Ka5 Ne4 71. Rxf7 Nd6 $2 (71... Kb8 72. Kb6 Nd6) 72. Rh7 $2 (72. Rf6 Nc4+ 73. Kb5) 72... Kb8 73. Rd7 Nc8 74. Kb5 {Black must now prevent a5.} Na7+ 75. Kc5 {aiming for Rf7.} Nc8 76. Rh7 Ka7 77. a5 {[%cal Ba4a5,Ba5a6][%mdl 32]} Kb8 78. Rg7 {And now Rd7 would win.} Ka7 79. Rc7 Kb8 80. Rh7 {Threatens to win with Rd7.} Ka7 81. Rh8 Kb8 $2 {[#]} (81... Ne7 $18 82. Kb5 Nd5) 82. a6 $1 {Accuracy: White = 52%, Black = 45%.} 1-0

[Event "EICC 2019"]
[Site "Skopia"]
[Date "2019.03.26"]
[Round "8.1"]
[White "Grandelius, Nils"]
[Black "Piorun, Kacper"]
[Result "1/2-1/2"]
[WhiteElo "2694"]
[BlackElo "2631"]
[Annotator "ChessBase"]
[PlyCount "44"]
[EventDate "2019.03.18"]
[EventType "swiss"]
[EventCountry "MKD"]
[SourceTitle "playchess.com"]
[Source "ChessBase"]
[SourceQuality "1"]
[TimeControl "40/5400+30:1800+30"]

1. e4 {[%emt 0:00:00]} c6 {[%emt 0:00:00]} 2. Nf3 {[%emt 0:01:39]} d5 {[%emt 0:00:27]} 3. Nc3 {[%emt 0:00:06]} Bg4 {[%emt 0:05:58]} 4. h3 {[%emt 0:00:41]} Bxf3 {[%emt 0:00:29]} 5. Qxf3 {[%emt 0:00:09]} Nf6 {[%emt 0:01:49]} 6. d4 {[%emt 0:03:28]} e6 {[%emt 0:00:10]} 7. Bd3 {[%emt 0:00:51]} dxe4 {[%emt 0:04:21]} 8. Nxe4 {[%emt 0:00:10]} Qxd4 {[%emt 0:00:55]} 9. O-O {[%emt 0:02:34]} Be7 {[%emt 0:04:56]} 10. Bf4 {[%emt 0:19:46]} Nbd7 {[%emt 0:12:19]} 11. c3 {[%emt 0:03:23]} Qd5 {[%emt 0:01:47]} 12. Rfd1 {[%emt 0:29:53]} Ne5 {[%emt 0:09:37]} 13. Qe3 {[%emt 0:00:34]} Nxd3 {[%emt 0:04:39]} 14. Nxf6+ {[%emt 0:00:07]} Bxf6 {[%emt 0:11:07]} 15. Rxd3 {[%emt 0:00:08]} Qf5 {[%emt 0:00:15]} 16. Bd6 {[%emt 0:03:14]} Bg5 {[%emt 0:03:34]} 17. Qd4 {[%emt 0:06:53]} Bf6 {[%emt 0:00:11]} 18. Qe3 {[%emt 0:01:05]} h5 {[%emt 0:09:41]} 19. Rad1 {[%emt 0:01:46]} Bg5 {[%emt 0:05:50]} 20. Qd4 {[%emt 0:01:45]} Bf6 {[%emt 0:00:47]} 21. Qe3 {[%emt 0:01:58]} Bg5 {[%emt 0:00:06]} 22. Qd4 {[%emt 0:06:08]} Bf6 {[%emt 0:01:54]} 1/2-1/2

[Event "EICC 2019"]
[Site "Skopia"]
[Date "2019.03.26"]
[Round "8.2"]
[White "Rodshtein, Maxim"]
[Black "Esipenko, Andrey"]
[Result "1/2-1/2"]
[WhiteElo "2673"]
[BlackElo "2603"]
[Annotator "TA"]
[PlyCount "41"]
[EventDate "2019.03.18"]
[EventType "swiss"]
[EventCountry "MKD"]
[SourceTitle "playchess.com"]
[Source "ChessBase"]
[SourceQuality "1"]

{[%evp 14,41,18,7,13,4,6,12,39,39,39,39,36,5,18,20,0,0,6,0,6,7,44,50,54,29,33,23,33,33]} 1. Nf3 Nf6 2. g3 g6 3. c4 Bg7 4. Bg2 O-O 5. d4 c6 6. b3 d5 7. Bb2 Nbd7 8. O-O b5 {D78: Fianchetto Grünfeld: 6 0-0 c6} (8... Ne4 9. e3 Ndf6 10. Ne5 Be6 11. Qe2 a5 12. Na3 a4 13. f3 Nd6 14. c5 Nf5 15. b4 Bc8 16. Rad1 e6 17. e4 {1-0 (98) Gelfand,B (2695)-Korobov,A (2678) Poikovsky 2018}) 9. Nbd2 bxc4 10. bxc4 Ba6 $146 {The position is equal.} ({Predecessor:} 10... Rb8 11. Bc3 Ba6 12. Qa4 Qc8 13. Bb4 Re8 14. Qa3 Nb6 {0-1 (67) Ruznic,R (1980)-Harcin,A (1953) Lukavac 2016}) 11. Qa4 Qc8 12. Qa3 dxc4 13. Rac1 c3 $1 {[%cal Rc3b2]} 14. Bxc3 Bxe2 15. Rfe1 Bxf3 16. Bxf3 {And now Bb4 would win.} Nd5 17. Bb4 Qb7 18. Bxe7 Rfe8 $1 19. Nb3 {Strongly threatening Na5.} Bh6 20. Rb1 N7b6 {[%cal Re8e7]} 21. Na5 {Accuracy: White = 71%, Black = 67%.} 1/2-1/2

[Event "EICC 2019"]
[Site "Skopia"]
[Date "2019.03.26"]
[Round "8.3"]
[White "Artemiev, Vladislav"]
[Black "Hracek, Zbynek"]
[Result "1-0"]
[WhiteElo "2736"]
[BlackElo "2578"]
[Annotator "TA"]
[PlyCount "57"]
[EventDate "2019.03.18"]
[EventType "swiss"]
[EventCountry "MKD"]
[SourceTitle "playchess.com"]
[Source "ChessBase"]
[SourceQuality "1"]

{[%evp 22,57,27,32,22,14,14,14,14,14,53,3,47,48,69,70,81,73,181,71,72,85,101,86,194,169,858,103,765,777,1779,1778,1678,1676,1667,1611,29997,29998]} 1. c4 c5 2. Nf3 Nc6 3. Nc3 Nf6 4. e3 e6 5. d4 d5 6. cxd5 exd5 7. Bb5 cxd4 8. exd4 Be7 9. O-O O-O 10. Ne5 Bd7 11. Bg5 {B14: Caro-Kann: Panov-Botvinnik Attack with 5...e6 and 5...g6} Rc8 12. Re1 {[%cal Bf1e1,Be1e3,Be3g3][%mdl 32] LiveBook: 8 Games} Re8 (12... a6 13. Ba4 Be6 14. Bxc6 bxc6 15. Na4 h6 16. Bxf6 Bxf6 17. Rc1 Re8 18. Nc5 Bf5 {½-½ (32) Vidit,S (2693)-Delgado Ramirez,N (2614) Tbilisi 2017}) 13. Rc1 {The position is equal.} a6 14. Bxc6 Bxc6 15. Qf3 Qd6 16. h3 $146 ({Predecessor:} 16. Re3 Bd7 17. Nxd7 Qxd7 18. Rce1 h6 19. Bh4 b5 20. h3 b4 21. Bxf6 bxc3 22. Bxe7 c2 23. Bc5 Qb5 24. b3 {1-0 (24) Brynell,S (2462)-Lie,K (2347) Gausdal 2001}) 16... Bd8 (16... h6 $5 {[%cal Rh6g5]} 17. Be3 Bd8 $11) 17. Re3 Rf8 18. Rce1 Qb4 19. Qf5 Ra8 (19... Rc7 $16 {keeps fighting.}) 20. Rd1 (20. Bh6 $1 $18 {[%cal Rh6g7]} gxh6 21. Qf4) 20... Ne8 21. Bf4 Nf6 22. Rg3 Kh8 {[#]} (22... Qe7 $16 {is a better defense.}) 23. Rdd3 $1 $18 Be8 $2 (23... Qe7 24. Rde3 Qe8) 24. a3 $2 $40 {[%mdl 128] White wants a kill.} (24. Rxg7 $18 {and the rest is easy.} Kxg7 25. Rg3+ Kh8 26. Nd3) 24... Qxb2 $2 {[%mdl 8192] [#]} (24... Qb6 $16) 25. Rxg7 $1 {Hoping for Rdg3.} Kxg7 26. Rg3+ Kh8 27. Nxd5 Nxd5 28. Bh6 {White wants to mate with Bg7+.} Bf6 {[#]} 29. Qxf6+ $1 {[%mdl 512] Precision: White = 55%, Black = 13%.} 1-0

[Event "EICC 2019"]
[Site "Skopia"]
[Date "2019.03.26"]
[Round "8.4"]
[White "Gledura, Benjamin"]
[Black "Alekseenko, Kirill"]
[Result "1/2-1/2"]
[WhiteElo "2630"]
[BlackElo "2644"]
[Annotator "TA"]
[PlyCount "28"]
[EventDate "2019.03.18"]
[EventType "swiss"]
[EventCountry "MKD"]
[SourceTitle "playchess.com"]
[Source "ChessBase"]
[SourceQuality "1"]

{[%evp 11,27,18,16,24,31,25,27,9,15,10,27,18,18,19,35,22,22,12]} 1. e4 e5 2. Nf3 Nc6 3. Bc4 Bc5 4. d3 Nf6 5. O-O d6 6. c3 a6 7. a4 {C54: Giuoco Piano: 4 c3 Nf6, main lines with 5 d4 and 5 d3} Ba7 8. Re1 O-O 9. h3 {White has an edge.} h6 10. Nbd2 {[%cal Bb1d2,Bd2f1,Bf1e3][%mdl 32]} Re8 11. Nf1 Be6 12. Bxe6 Rxe6 13. Be3 Bxe3 14. Nxe3 {[#]} {Predecessor:} d5 $146 1/2-1/2

[Event "EICC 2019"]
[Site "Skopia"]
[Date "2019.03.26"]
[Round "8.5"]
[White "Pantsulaia, Levan"]
[Black "Anton Guijarro, David"]
[Result "1/2-1/2"]
[WhiteElo "2611"]
[BlackElo "2643"]
[Annotator "TA"]
[PlyCount "81"]
[EventDate "2019.03.18"]
[EventType "swiss"]
[EventCountry "MKD"]
[SourceTitle "playchess.com"]
[Source "ChessBase"]
[SourceQuality "1"]

{[%evp 9,81,21,24,17,12,4,8,4,12,6,9,18,26,0,0,0,-7,-14,22,0,0,-26,-18,-39,8,-25,0,0,0,0,0,0,0,0,0,0,-2,-24,0,0,0,-27,-27,-27,0,0,0,0,0,0,0,-13,-4,-4,0,0,0,-4,-4,-4,-4,-4,-4,-4,0,0,0,0,0,0,0,0,0,0]} 1. c4 e5 2. g3 c6 3. Nf3 f6 (3... d6 4. Nc3 f5 5. d4 e4 6. Ng5 Nf6 7. Nh3 d5 8. cxd5 Nxd5 9. Nf4 Nxf4 10. Bxf4 Bd6 11. e3 O-O 12. Qb3+ Kh8 13. O-O-O Bxf4 14. gxf4 Qh4 {½-½ (31) Romanov,E (2608)-Moiseenko,A (2640) Tallinn 2019}) 4. e4 $146 ({Predecessor:} 4. d3 d5 5. cxd5 cxd5 6. Bg2 d4 7. Nbd2 Nc6 8. O-O Bg4 9. Nb3 Qd7 10. Bd2 Bb4 11. Rc1 {0-1 (34) Aouachria,R (1770)-Ksiret,A Tiaret 2013}) 4... c5 5. Bh3 Nc6 6. Nc3 {A20: English Opening: 1...e5} g6 7. d3 Bg7 8. a3 Nge7 9. b4 d6 10. Bxc8 Qxc8 11. bxc5 dxc5 12. Nd5 O-O 13. O-O f5 14. Bb2 Qd7 15. Kg2 Rae8 16. a4 Nb4 17. Bc3 ({Don't play} 17. Bxe5 fxe4 18. dxe4 Nexd5 $17) (17. Nxb4 {is more complex.} cxb4 18. Bxe5 Bxe5 19. Nxe5 Qe6 20. f4) 17... Nexd5 (17... a5 {seems wilder.} 18. Rb1 Nec6 19. Re1 Rb8 20. Nb6 Qf7) 18. cxd5 Nxd5 19. exd5 e4 {[%mdl 64] [#] Discovered Attack} 20. Bxg7 exf3+ 21. Qxf3 Kxg7 22. Rfe1 b6 23. h4 Qd6 24. a5 b5 25. a6 b4 26. Rec1 Re5 27. Ra5 {The position is equal.} Rxd5 {[#]} 28. d4 $1 {[%cal Rd4c5][%mdl 512]} Rxd4 {And now ...Rd3 would win.} (28... cxd4 29. Rxd5) 29. Raxc5 {Strongly threatening Rc7+.} Rf7 30. h5 Rd3 31. Rc6 Qd5 32. Qxd5 Rxd5 $11 {[%mdl 4096] Endgame KRR-KRR} 33. Rc7 Rdd7 34. Rxd7 Rxd7 {KR-KR} 35. Rc4 b3 {White must now prevent ...b2.} 36. Rb4 Rd6 37. Rb7+ Kh6 38. hxg6 hxg6 39. Rxa7 b2 40. Rb7 Rxa6 41. Rxb2 {Accuracy: White = 60%, Black = 65%.} 1/2-1/2

[Event "EICC 2019"]
[Site "Skopia"]
[Date "2019.03.26"]
[Round "8.6"]
[White "Zvjaginsev, Vadim"]
[Black "Ter-Sahakyan, Samvel"]
[Result "1/2-1/2"]
[WhiteElo "2642"]
[BlackElo "2590"]
[Annotator "TA"]
[PlyCount "116"]
[EventDate "2019.03.18"]
[EventType "swiss"]
[EventCountry "MKD"]
[SourceTitle "playchess.com"]
[Source "ChessBase"]
[SourceQuality "1"]

{[%evp 9,116,14,21,6,28,21,25,31,38,8,17,11,14,7,12,15,14,15,10,16,7,18,17,0,-9,-11,-4,-30,-24,-15,-19,-5,-20,-12,-10,-44,-43,-65,-62,-85,0,0,0,0,0,-33,-27,-31,-8,-8,-14,0,0,0,0,0,-8,-43,-54,-44,-43,-52,-24,-27,-26,-54,-20,-20,-8,-8,-8,-14,-12,-27,0,0,0,0,0,0,0,0,0,0,0,0,0,0,0,0,0,0,0,0,0,0,0,0,0,0,0,0,0,0,0,0,0,0,0]} 1. e4 c5 2. Nf3 d6 3. d4 cxd4 4. Qxd4 Nf6 5. Be2 Nc6 6. Qe3 {B53: Sicilian: 2...d6: Lines with Qxd4} Bg4 7. O-O g6 8. Rd1 {White has an edge.} Qc8 9. c4 $146 ({Predecessor:} 9. h3 Bxf3 10. Bxf3 Bg7 11. c3 O-O 12. Na3 Rd8 {½-½ (56) Demchenko,A (2679)-Kryakvin,D (2588) St Petersburg 2018}) 9... Bg7 10. Nc3 Bxf3 11. Qxf3 Ne5 12. Qg3 Nxc4 13. Bg5 O-O 14. Bxf6 Bxf6 15. Nd5 Ne5 16. Nxf6+ exf6 17. f4 Nc6 18. Rxd6 Qc7 $36 {[%mdl 2048] Black is more active.} 19. Rad1 Qb6+ 20. Qf2 Qxb2 21. Bf3 Qc3 22. R6d3 Qb4 23. h4 Rfd8 24. Rd5 Qb6 ({Better is} 24... h5 $17) 25. Qxb6 $11 axb6 26. Rxd8+ Nxd8 {[%mdl 4096] Endgame KRB-KRN} 27. Rd7 Kf8 28. Be2 Ke8 29. Bb5 Ra5 30. Rd5+ Ke7 31. Rd7+ Ke8 32. Rd5+ Nc6 33. Bxc6+ (33. a4 {feels hotter.} Ke7 34. Kf2 Na7 35. Ke3 h5 36. Rd7+) 33... bxc6 {KR-KR} 34. Rd6 $1 Rc5 35. Rxf6 Ke7 36. e5 b5 37. a3 Rc2 38. h5 c5 39. hxg6 hxg6 40. Rc6 c4 41. Kh2 Rb2 42. a4 {The position is equal.} bxa4 {[#] Strongly threatening ...Rb4.} 43. Rxc4 a3 44. Ra4 a2 45. Ra6 Kd7 46. Kh3 Kc7 {[#] White must now prevent ...Kb7.} 47. g4 Kb7 48. Ra4 Kc6 {And now ...Kb5 would win.} 49. Kh4 Kb5 50. Ra8 Kc4 51. f5 gxf5 52. gxf5 Rb4 53. Kg5 Kb3 {Threatens to win with ...Ra4.} 54. e6 fxe6 55. fxe6 Ra4 (55... Re4 $5 {[%cal Re4e6]} 56. Rb8+ Kc2 $11) 56. Rxa4 Kxa4 57. e7 a1=Q {( -> ...Qg7+)} 58. e8=Q+ Kb3 {Accuracy: White = 72%, Black = 67%.} 1/2-1/2

[Event "EICC 2019"]
[Site "Skopia"]
[Date "2019.03.26"]
[Round "8.7"]
[White "Korobov, Anton"]
[Black "Erdos, Viktor"]
[Result "1-0"]
[WhiteElo "2686"]
[BlackElo "2612"]
[Annotator "TA"]
[PlyCount "73"]
[EventDate "2019.03.18"]
[EventType "swiss"]
[EventCountry "MKD"]
[SourceTitle "playchess.com"]
[Source "ChessBase"]
[SourceQuality "1"]

{[%evp 13,72,26,32,27,20,22,31,12,40,42,36,41,32,0,0,0,0,8,6,8,54,46,60,48,83,77,178,195,207,205,193,196,377,376,377,383,363,363,468,458,446,451,1460,1457,1360,1391,1391,1329,1510,1502,29985,29986,29987,29988,29988,29989,29997,29998,29998,29999,29999]} 1. d4 Nf6 2. c4 g6 3. f3 e6 4. Nc3 c5 5. d5 d6 6. e4 exd5 7. cxd5 Bg7 8. Nge2 {A65: Modern Benoni: 6 e4} a6 9. a4 Nbd7 (9... O-O 10. Ng3 Nbd7 11. Be2 Ne8 12. Bf4 Rb8 13. O-O c4 14. Bxc4 Qb6+ 15. Rf2 Bd4 16. Qd2 Ne5 17. Bf1 Bxf2+ 18. Qxf2 Qxf2+ 19. Kxf2 {½-½ (32) Carlsen,M (2835)-Nepomniachtchi,I (2763) Wijk aan Zee 2019}) 10. Ng3 {White is slightly better.} Nh5 11. Nxh5 gxh5 12. Be3 O-O 13. Qd2 $146 ({Predecessor:} 13. Be2 Ne5 14. O-O f5 15. exf5 Bxf5 16. h3 h4 17. f4 {0-1 (44) Kieslich,A (2028)-Tennert,S (2148) Oberhof 2013}) 13... f5 14. Be2 fxe4 15. Nxe4 Nf6 {Strongly threatening ...Nxe4.} 16. Ng5 Re8 17. O-O Qe7 18. Ra3 Bd7 19. Re1 b5 (19... h6 $16 20. Ne6 Bxe6 21. dxe6 Qxe6) 20. axb5 $18 axb5 21. Rxa8 Rxa8 {[#]} 22. Bd3 $1 {Bxc5! is the strong threat.} Qe5 $2 {[#]} (22... Re8 {keeps fighting.} 23. Bf2 Qf8) 23. Bxc5 $1 {[%mdl 576] Discovered Attack} Qxd5 {[#]} (23... dxc5 24. Rxe5) 24. Bxh7+ $1 {[%mdl 512]} Kh8 (24... Nxh7 25. Qxd5+) 25. Bd4 Ra4 26. b4 Ra2 27. Qe3 Ra3 {[#]} (27... Ra4 $142 28. Bg6 Rxb4) 28. Qf4 $1 ({Stronger than} 28. Qxa3 Qxd4+ 29. Kh1 Nxh7 $15) 28... Nxh7 29. Bxg7+ Kxg7 30. Re7+ {[%mdl 64] Double Attack} Kg6 31. Nxh7 {[%cal Rh7f8]} Ra1+ 32. Kf2 {[%cal Rh7f8] White mates.} Ra2+ 33. Kg3 {[%cal Rh7f8]} h4+ 34. Qxh4 Qd2 35. Nf8+ {[%mdl 64] Double Attack} Kf5 36. Rf7+ Ke5 37. Qe4# {Accuracy: White = 75%, Black = 33%.} 1-0